Las venas abiertas de América Latina
Guardat en:
| Autor principal: | |
|---|---|
| Format: | Llibre |
| Idioma: | espanyol |
| Publicat: |
Cuernavaca
Siglo XXI
2004
|
| Edició: | 3a. ed |
| Matèries: | |
| Etiquetes: |
Afegir etiqueta
Sense etiquetes, Sigues el primer a etiquetar aquest registre!
|
MARC
| LEADER | 00000nam a2200000 a 4500 | ||
|---|---|---|---|
| 001 | UCG3204 | ||
| 003 | CL-VaPUC | ||
| 008 | 100819e20040000MX |||||||||||||||||spa|d | ||
| 020 | |a 9789682325571 | ||
| 082 | 0 | 4 | |a 303 |b GAL |2 21 |
| 100 | |a Galeano, Eduardo |e author |9 599485 | ||
| 245 | 1 | 4 | |a Las venas abiertas de América Latina |
| 250 | |a 3a. ed | ||
| 300 | |a 379 p | ||
| 942 | |c BK | ||
| 945 | |d 20100819 00:00:00 |a dcastane | ||
| 260 | |a Cuernavaca |b Siglo XXI |c 2004 | ||
| 650 | 0 | |a Procesos sociales |9 337802 | |
| 650 | 0 | |a Condiciones económicas |9 258255 | |
| 650 | 0 | |a Condiciones sociales |9 257278 | |
| 583 | |a last modification |c 20100819 00:00:00 |k Rodrigo Vera | ||
| 999 | |c 342284 |d 342282 | ||
| 952 | |0 0 |1 0 |4 0 |6 303_000000000000000_GAL_2004 |7 0 |8 C |9 438413 |a BIBCUR |b BIBCUR |d 2019-11-22 |i 4705726 |o 303 GAL 2004 |p 4705726 |r 2025-04-22 |w 2019-11-22 |y BK |k CAC | ||
| 952 | |0 0 |1 0 |4 0 |6 303_000000000000000_GAL_2004 |7 0 |8 C |9 438414 |a BIBCUR |b BIBCUR |d 2019-11-22 |i 4705734 |l 4 |m 3 |o 303 GAL 2004 |p 4705734 |r 2025-04-22 |s 2024-06-03 |w 2019-11-22 |y BK |k CAC | ||